000
00222nam a22001097a 4500
041
_a
eng
080
_a
80
100
_a
Chaffee, S., Adler, B.
245
_a
The I love NY. Fitness book.
650
_a
Health
999
_c
279302
_d
279302
942
_c
BK